| 000 | 01116nam a2200289 i 4500 | ||
|---|---|---|---|
| 001 | 105330 | ||
| 003 | ES-MaACL | ||
| 005 | 20250221124445.0 | ||
| 007 | t| | ||
| 008 | 060623s1968 sp ||||1| spa d | ||
| 080 | _a73 Xargay, Emilia (083.82) | ||
| 080 | _a75 Xargay, Emilia (083.82) | ||
| 100 | 1 |
_aXargay, Emilia. _9117494 |
|
| 245 | 1 | 0 |
_aEmilia Xargay _b: [exposición, Sala del Prado del Ateneo de Madrid, noviembre de 1968] / _c[texto: José Corredor Matheos]. |
| 260 |
_a[Madrid] : _bPublicaciones Españolas, _c[1968] |
||
| 300 |
_a[16] p. : _bil. ; _c23 cm. |
||
| 490 | 1 |
_aCuadernos de arte. Serie divulgación ; _v114 |
|
| 600 | 0 | 4 |
_aXargay, Emilia _9117494 |
| 610 | 2 | 7 |
_aAteneo de Madrid- _vExposiciones- _y1960-1969. _91920 |
| 655 | 7 |
_2tgfbne _9193628 _aCatálogos de exposiciones |
|
| 700 | 0 |
_aCorredor-Matheos, José, _d1929- _940776 |
|
| 710 | 2 |
_aAteneo de Madrid. _bSala del Prado. _91965 |
|
| 830 | 0 |
_aCuadernos de arte. Serie divulgación ; _v114 _9184876 |
|
| 852 |
_aES-MaACL _j2205-F-32 _9109273 _bR.137775 _cDEPOF |
||
| 942 |
_2udc _cFOLLETOS |
||
| 999 |
_c105330 _d105330 |
||